North Devon Homes Ltd v Brazier (Record no. 73299)
[ view plain ]
| 000 -LEADER | |
|---|---|
| fixed length control field | 01774cam a2200277 4500 |
| 001 - CONTROL NUMBER | |
| control field | ABS67006 |
| 008 - FIXED-LENGTH DATA ELEMENTS--GENERAL INFORMATION | |
| fixed length control field | 030829n2003 000 0 eng u |
| 035 ## - SYSTEM CONTROL NUMBER | |
| System control number | (Sirsi) u123400 |
| 245 ## - TITLE STATEMENT | |
| Title | North Devon Homes Ltd v Brazier |
| 260 ## - PUBLICATION, DISTRIBUTION, ETC. | |
| Date of publication, distribution, etc. | 2003 |
| 490 ## - SERIES STATEMENT | |
| Series statement | Estates Gazette |
| Volume/sequential designation | [2003] 22 EG 141-144(4) |
| 520 ## - SUMMARY, ETC. | |
| Summary, etc. | [2003] EWHC 574 (QB), 28 March 2003. Appeal by the tenant (B) from a possession order granted to the respondent landlord (N). B suffered from acute mental disability, which involved her in persistent anti-social behaviour. N initiated possession proceedings relying on a Housing Act 1988 s8 notice. That B's behaviour was in breach of the tenancy agreement was not an issue. A possession order was made holding that N's eviction of B was unlawful under the Disability Discrimination Act 1995 but in the circumstances the 1995 Act could not be allowed to override the discretion to make a possession order under the Housing Act 1988 s7. N cross-appealed. "Held", appeal allowed and cross-appeal dismissed. B's eviction was not justified by the terms of the 1995 Act and was thus unlawful. A possession order should not have been granted because the exercise of the discretion to grant possession promoted the unlawful conduct under the 1995 Act. |
| 590 ## - LOCAL NOTE (RLIN) | |
| Local note | ABS |
| 650 ## - SUBJECT ADDED ENTRY--TOPICAL TERM | |
| Topical term or geographic name entry element | TENANCY AGREEMENTS |
| 650 ## - SUBJECT ADDED ENTRY--TOPICAL TERM | |
| Topical term or geographic name entry element | NORTH DEVON HOMES LTD V BRAZIER |
| 650 ## - SUBJECT ADDED ENTRY--TOPICAL TERM | |
| Topical term or geographic name entry element | ASSURED TENANCIES |
| 650 ## - SUBJECT ADDED ENTRY--TOPICAL TERM | |
| Topical term or geographic name entry element | POSSESSION |
| 650 ## - SUBJECT ADDED ENTRY--TOPICAL TERM | |
| Topical term or geographic name entry element | CLARK V T D G LTD |
| 650 ## - SUBJECT ADDED ENTRY--TOPICAL TERM | |
| Topical term or geographic name entry element | HOUSING ACT 1988 S8 |
| 650 ## - SUBJECT ADDED ENTRY--TOPICAL TERM | |
| Topical term or geographic name entry element | HOUSING ACT 1988 S7 |
| 650 ## - SUBJECT ADDED ENTRY--TOPICAL TERM | |
| Topical term or geographic name entry element | DISABILITY DISCRIMINATION ACT 1995 S22 |
| 650 ## - SUBJECT ADDED ENTRY--TOPICAL TERM | |
| Topical term or geographic name entry element | DISABILITY DISCRIMINATION ACT 1995 S24 |
| 650 ## - SUBJECT ADDED ENTRY--TOPICAL TERM | |
| Topical term or geographic name entry element | DISABILITY DISCRIMINATION ACT 1995 S24(3)(A) |
| 690 ## - LOCAL SUBJECT ADDED ENTRY--TOPICAL TERM (OCLC, RLIN) | |
| Topical term or geographic name as entry element | LANDLORD AND TENANT-RESIDENTIAL TENANCIES-CASE LAW |
| 942 ## - ADDED ENTRY ELEMENTS (KOHA) | |
| Suppress in OPAC | 0 |
| Withdrawn status | Lost status | Source of classification or shelving scheme | Damaged status | Not for loan | Home library | Current library | Shelving location | Date acquired | Total Checkouts | Full call number | Barcode | Date last seen | Copy number | Price effective from | Koha item type |
|---|---|---|---|---|---|---|---|---|---|---|---|---|---|---|---|
| Dewey Decimal Classification | London | London | Journal article | 29/08/2003 | ABS67006 | 123400-1001 | 06/08/2019 | 1 | 06/08/2019 | Law report |